| 000 | 00506nam a22001937a 4500 | ||
|---|---|---|---|
| 003 | CEME | ||
| 005 | 20210628204157.0 | ||
| 008 | 210127b xxu||||| |||| 00| 0 eng d | ||
| 020 | _a0-7668-2358-X | ||
| 040 | _c. | ||
| 082 | _a629.8312 KIL | ||
| 100 |
_aKilian, Christopher.T _969125 |
||
| 245 | _aModern control technology,components and systems | ||
| 250 | _a2ND | ||
| 260 |
_aUK _bDELMAR _c2001 |
||
| 300 | _aXI,644P | ||
| 650 |
_aCONTROL TECHNOLOGY; AUTOMATIC CONTROL _969126 |
||
| 942 |
_cBK _2ddc |
||
| 999 |
_c576526 _d576526 |
||